| 000 | 00436cam a22001337a 4500 | ||
|---|---|---|---|
| 008 | 180718b2000 xxu||||| |||| 00| 0 eng d | ||
| 082 | _aB7303x54 C361 | ||
| 245 |
_aPanchayati raj in India: status report, 1999 _cedited by B.K. Chandrashekar |
||
| 260 |
_aNew Delhi _bRajiv Gandhi Foundation _c2000 |
||
| 300 | _a277p. | ||
| 650 | _aVillages - Laws and legislation - India. | ||
| 650 | _aPanchayat - India | ||
| 700 | _aChandrashekar, B.K. | ||
| 999 |
_c492098 _d492098 |
||